1487 1146 1427 1291 1638 1565 1139 1206 1304 1496 1697 1196 1612 1216 1137 1961 1215 1437 1623 1583 1752 1779 1535 1157 1135 1625 1652 1537 1706 1208 1355 1466 1276 1213 1633 1161 1945 1276 1926 1318 1087 1892 1764 1002 1182 1312 1381 1108 1683 1557 1117 1700 1658 1542 1409 1644 1803 1234 1964 1036 1448 1684 1128 1486 1113 1125 1762 1293 1801 1002 1695 1705 1181 1064 1176 1291 1451 1454 1768 1389 1984 1112 1340 1164 1240 1349 1814 1433 1994 1140 1599 1795 1407 1629 1188 1056 1533 1917 1575 BCNSPRNW ULIB Ver.6.0+V

เปลี่ยนเป็นภาษาไทย

Change to English
 แสดงรายละเอียดบรรณานุกรม
  กลับหน้าหลัก

Brief Record : Get Marc (ISO 2709) : E-mail record : QR code < ปิดหน้าต่าง
LEADER : 00000nam 2200000uu 4500
001    13399114053
003     ULIB
008    110627s||||||||th 000 0 tha d
020    9789746907286
090    นว.^bว836ร 2553
100 0  วีรวัฒน์ กนกนุเคราะห์
245 00 เร้นพลบ/^cวีรวัฒน์ กนกนุเคราะห์
250    พิมพ์ครั้งที่ 1
260    กรุงเทพฯ :^bดอกหญ้า,^c2553
300    488 หน้า
710 1  ดอกหญ้า
945    ^p299^l0^i028100
995    ทศพร
999 ^a ใช้งานได้ทุกระบบ
รายการนี้ยังไม่มีแท็ก
คุณยังไม่ได้ล็อกอิน คุณสามารถมีกิจกรรมร่วมกับเว็บไซต์ได้ แต่ต้องล็อกอินก่อน ::
  ล็อกอิน

รายการสื่อสารสนเทศ

ลำดับที่ ประเภท เลขเรียก/บาร์โค้ด สถานที่ สถานะ
1. นวนิยาย
นวนิยาย
นว. ว836ร 2553 ฉ.1 
  Barcode: 028100
ห้องสมุดวิทยาเขตสวรรค์ประชารักษ์
►นวนิยาย
บนชั้น
  ขอยืม

BibComment


ยังไม่เคยถูกคอมเมนท์

คอมเมนท์ทรัพยากรรายการนี้
  คอมเมนท์: เร้นพลบ วีรวัฒน์ ..


 Copyright 2026. Bcnsprnw @Library